Национальный состав и владение языками, гражданство. Итоги Всероссийской переписи населения 2010 года

Bibliographische Detailangaben
Körperschaft: Российская Федерация Федеральная служба государственной статистики (Росстат России)
Zusammenfassung:Росстат продолжает публикацию серии брошюр с итогами Всероссийской переписи населения 2010 года, рассчитанных на широкий круг читателей. Брошюра содержит данные Всероссийской переписи населения 2010 года о национальном составе всего, городского и сельского населения Российской Федерации и структуре населения наиболее многочисленных национальностей: численности мужчин и женщин, распределении их по возрасту, состоянию в браке, рождаемости и размере частных домохозяйств, владению языками и родному языку, уровню образования, источникам средств к существованию и экономической активности. Приводится также характеристика населения Российской Федерации по гражданству. Отдельные таблицы приведены в сравнении с данными предыдущей переписи населения. Далее будут опубликованы брошюры по темам: число и состав домохозяйств; экономически активное и экономически неактивное население.
Sprache:Russisch
Veröffentlicht: Москва, Статистика России, 2012
Schlagworte:
Format: MixedMaterials Buch
KOHA link:https://koha.lib.tpu.ru/cgi-bin/koha/opac-detail.pl?biblionumber=231006

MARC

LEADER 00000nam0a2200000 4500
001 231006
005 20231031202636.0
010 |a 9785426900233 
035 |a (RuTPU)RU\TPU\book\252021 
090 |a 231006 
100 |a 20130129d2012 k a0rusy50 ca 
101 0 |a rus 
102 |a RU 
105 |a y i 001zy 
200 1 |a Национальный состав и владение языками, гражданство. Итоги Всероссийской переписи населения 2010 года  |f Российская Федерация, Федеральная служба государственной статистики (Росстат России) 
210 |a Москва  |c Статистика России  |d 2012 
215 |a 32 с. 
330 |a Росстат продолжает публикацию серии брошюр с итогами Всероссийской переписи населения 2010 года, рассчитанных на широкий круг читателей. Брошюра содержит данные Всероссийской переписи населения 2010 года о национальном составе всего, городского и сельского населения Российской Федерации и структуре населения наиболее многочисленных национальностей: численности мужчин и женщин, распределении их по возрасту, состоянию в браке, рождаемости и размере частных домохозяйств, владению языками и родному языку, уровню образования, источникам средств к существованию и экономической активности. Приводится также характеристика населения Российской Федерации по гражданству. Отдельные таблицы приведены в сравнении с данными предыдущей переписи населения. Далее будут опубликованы брошюры по темам: число и состав домохозяйств; экономически активное и экономически неактивное население. 
606 1 |a Население  |x Перепись 2010 г.  |y Россия  |2 stltpush  |3 (RuTPU)RU\TPU\subj\37727 
606 1 |a Население  |x Национальный состав  |y Россия  |2 stltpush  |3 (RuTPU)RU\TPU\subj\37700 
610 1 |a демография 
610 1 |a статистические данные 
610 1 |a нации 
610 1 |a народы 
610 1 |a языковая личность 
610 1 |a языковая структура 
610 1 |a языковая дифференциация 
610 1 |a гражданство 
610 1 |a национальности 
610 1 |a численность 
610 1 |a русский язык 
610 1 |a владение 
610 1 |a гражданство 
686 |a С72  |v LBC/SL-A  |2 rubbk 
686 |a С73(2)-23  |v LBC/SL-A  |2 rubbk 
712 0 1 |a Российская Федерация  |b Федеральная служба государственной статистики (Росстат России)  |c (Москва)  |c (2004- )  |2 stltpush  |3 (RuTPU)RU\TPU\col\5662 
801 1 |a RU  |b 63413507  |c 20130129 
801 2 |a RU  |b 63413507  |c 20131101  |g RCR 
942 |c BK